Museo nacional centro de arte Reina Sofía

Salvato in:
Dettagli Bibliografici
Autore principale: Matta-Clark, Gordon (autor)
Natura: Libro
Lingua:spagnolo
Pubblicazione: Madrid Polígrafa 2006
Soggetti:
Tags: Aggiungi Tag
Nessun Tag, puoi essere il primo ad aggiungerne!!

MARC

LEADER 00000nam a2200000 a 4500
001 UCI1746
003 CL-VaPUC
008 070713e20060000SP |||||||||||||||||spa|d
020 |a 8480262958 
082 0 4 |a 709.04  |b MAT  |2 21 
100 |a Matta-Clark, Gordon  |e autor  |9 439575 
245 1 0 |a Museo nacional centro de arte Reina Sofía 
300 |a 429 p 
942 |c BK 
945 |d 20070713 00:00:00  |a jtorresc 
260 |a Madrid  |b Polígrafa  |c 2006 
650 0 |a Artes visuales  |9 336870 
650 7 |a ESCULTORES ESTADOUNIDENSES  |2 CL-VaPUC  |9 428605 
650 0 |a Artistas estadounidenses   |9 519563 
650 0 |a Fotografías  |9 268494 
583 |a last modification  |c 20070713 00:00:00  |k Rodrigo Vera 
999 |c 326498  |d 326496 
952 |0 0  |1 0  |4 0  |6 709_040000000000000_MAT_2006  |7 0  |8 F  |9 408415  |a BIBART  |b BIBART  |d 2019-11-22  |i 4353935  |o 709.04 MAT 2006  |p 4353935  |r 2025-03-13  |w 2019-11-22  |y BK_F  |k ART